000 00715cam a22001814a 4500
020 _a0072551607 (acidfree)
050 0 0 _aQA276.4
_b.N38 2006
100 1 _aNavidi, William Cyrus.
245 1 0 _aStatistics for engineers and scientists /
_cWilliam Navidi.
260 _aBoston, Mass. [USA] :
_bMcGraw-Hill,
_cc2006.
300 _axviii, 869 p. :
500 _aIncludes index.
500 _a[with CD-ROM]
650 _bBootstrap (Statistics) ;
_bLinear models (Statistics) ;
_bScience -- Statistical methods ;
_bEngineering -- Statistical methods
856 4 2 _uhttp://www.loc.gov/catdir/enhancements/fy0702/2004051329-d.html
856 4 1 _uhttp://www.loc.gov/catdir/enhancements/fy0702/2004051329-t.html
942 _cGEN
999 _c2611
_d2611